Statistics for Hokago Tea Time Members (K-On! Anime)

Click here to take the quiz!

General Stats

  • This quiz has been taken 137 times
  • The average score is 5 of 5

Answer Stats

InstrumentMember% Correct
Lead GuitarHirasawa Yui
97%
BassAkiyama Mio
96%
KeyboardKotobuki Tsumugi
96%
DrumsTainaka Ritsu
95%
Rhythm GuitarNakano Azusa
85%

Score Distribution

Percentile by Number Answered

Percent of People with Each Score

Your Score History

You have not taken this quiz